Регионална библиотека "Любен Каравелов" - Русе

Вести от Русчук (Запис номер 103797)

MARC детайли
000 -Лидер
Контролно поле с фиксирана дължина 01511nam a2200445 c 4500
003 - Код на организацията, давaща контролен номер
Контролно поле BLK
005 - Дата и час на последна редакция
Контролно поле 20240626101452.0
008 - Елементи от данни с фиксирана дължина
fixed length control field 180409b bul|||||r ||||||| ||bul||
010 ## - Наследен системен номер
LC control number KNG00108876000
020 ## - Международен стандартен номер на книга ISBN
Международен стандартен номер на книга ISBN 954-8560-73-9
040 ## - Източник на каталожния запис
Идентификатор на билиотеката - собственик на записа BLK
041 ## - Код за език
Код за езика на текст/звукозапис или на отделно заглавие Български
Код за езика КДБФ Български
072 #7 - Код за тематичната категория
Код организация bullib
Код за тематична категория К
Текст Краезнание
072 #7 - Код за тематичната категория
Код организация bullib
Код за тематична категория Я
Текст Автографи
080 ## - УДК
Текстов определител УДК История на България
УДК код - определител по УДК 94(497.2)
УДК - код + определител 94(497.2)
080 ## - УДК
Текстов определител УДК Краезнание
УДК код - определител по УДК 908
УДК определител (497.215)
УДК - код + определител 908(497.215)
100 1# - Редна дума - Автор
Автор Борисов, Йордан Петров
Авторска отговорност първи автор
Пълна форма на името историк ; общественик - Русе
R(LIN) 245124
139 ## - Редно поле
Редна дума Борисов, Йордан Петров
Авторски знак Борд - Б 65
245 10 - Сведения за заглавието
Заглавие Вести от Русчук
Подзаглавни данни Докум. публицистика
Редно поле (дума) Йордан Петров Борисов.
257 ## - Страна на издаване
Страна на създаване/издаване България
260 ## - Област на издателските данни
Име на издателя, разпространителя и проч. Парнас
Година на издаване 2003
Печатница Русе : Авангард принт
300 ## - Физическа характеристика
Страници 128 с.
Илюстрации и др. със сн., факс.
Размери/Мащаб 24 см
380 ## - Жанр
Жанр История
500 ## - Общи забележки
Забележка Библиогр. с. 125-126
650 #4 - Допълнително описание по предмет – тема
Основно описание – тема или топоним Русе - история
9 (RLIN) 242626
653 ## - Ключова дума – ненормативна
Ключова дума Русе
653 ## - Ключова дума – ненормативна
Ключова дума Русчук
653 ## - Ключова дума – ненормативна
Ключова дума история
653 ## - Ключова дума – ненормативна
Ключова дума документи
659 ## - Тематичен бюлетин
Тематичен бюлетин К
659 ## - Тематичен бюлетин
Тематичен бюлетин Я
852 ## - Местоположение
Форматна сигнатура Цб 216638
852 ## - Местоположение
Форматна сигнатура К 94(497.2)/Б 65
856 4# - Електронен адрес и достъп
Електронен формат pdf - файл
856 4# - Електронен адрес и достъп
Електронен формат pdf - файл
999 ## - СИСТЕМНИ КОНТРОЛНИ НОМЕРА
Koha biblionumber 103797
Koha biblioitemnumber 103797
942 ## - АРТИКУЛИ
Вид на библиотечния материал Книги
Скрит в OPAC Не
Koha issues (borrowed), all copies 5
Периодичен библиозапис Да
944 ## - СЪЗДАВАНЕ И РЕДАКЦИЯ на ЗАПИСА
Създаване/Редакция Създаване
Дата на регистрацията/редакция 11.11.2003
Служител, извършил регистрацията/редакцията 30535
Статус, дата на статуса Христина Везирева
944 ## - СЪЗДАВАНЕ И РЕДАКЦИЯ на ЗАПИСА
Създаване/Редакция Редакция
Дата на регистрацията/редакция 08.05.2012
999 ## - СИСТЕМНИ КОНТРОЛНИ НОМЕРА
Koha biblioitemnumber 103797
Наличности
Код за отписване Код за изгубен артикул Източник на класификационната схема Код за повреда Коз за рестрикции Код за отдаване Артикулен № Име на библиотеката - собственик Име на библиотеката, в която се намира в момента Статус (Текущо местоположение) Дата на вписване в системата Местоположение - отдел Цена в лева Инвентарен номер Систематично азбучна сигнатура Баркод Номер на екземпляра Цена в евро Служебна бележка Служебен тип на артикула Номерация (Хронология)
  Не е изгубен Universal Decimal Classification Не е повреден без рестрикции заемане за дома 167574 Регионална библиотека "Любен Каравелов" Русе Регионална библиотека "Любен Каравелов" Русе Заемна - подръчен фонд 2003-11-11 Заемна - подръчен фонд 5.00 120000679909 П 94(497.2)/Б 65 120000679909 1 2.56 Дост: DA Вид: А N: 26 Дата: 10.11.2003 Дата инв: 08.02.2018 Бележки инв: П2018 Книги  
  Не е изгубен   Не е повреден без рестрикции ползва се в читалня 167575 Регионална библиотека "Любен Каравелов" Русе Регионална библиотека "Любен Каравелов" Русе Читалня 2003-11-11 Читалня 5.00 120000679910 Ч 949.72/Б 65 120000679910 2 2.56 Дост: DA Вид: А N: 26 Дата: 10.11.2003 Дата инв: 29.03.2017 Бележки инв: Ч2017 Книги  
  Не е изгубен Universal Decimal Classification Не е повреден без рестрикции ползва се в читалня 167576 Регионална библиотека "Любен Каравелов" Русе Регионална библиотека "Любен Каравелов" Русе Краезнание 2003-11-11 Краезнание 5.00 120000679911 К 94(497.2)/Б 65 120000679911 3 2.56 Дост: DA Вид: А N: 26 Дата: 10.11.2003 Дата инв: 06.11.2017 Бележки инв: К2017 Книги Автограф: Йордан Борисов
  Не е изгубен   Не е повреден без рестрикции ползва се в читалня 167577 Регионална библиотека "Любен Каравелов" Русе Регионална библиотека "Любен Каравелов" Русе Хранилище 2007-02-20 Хранилище 5.00 120000709908 Цб 216638 120000709908 4 2.56 Дост: Dp Вид: Д N: 16 Дата: 29.03.2006 Книги  
Vip Innovations Ltd, Rousse, Bulgaria 2025